<?xml version="1.0" encoding="UTF-8"?>
<record
    xmlns:xsi="http://www.w3.org/2001/XMLSchema-instance"
    xsi:schemaLocation="http://www.loc.gov/MARC21/slim http://www.loc.gov/standards/marcxml/schema/MARC21slim.xsd"
    xmlns="http://www.loc.gov/MARC21/slim">

  <leader>02384    a2200217   4500</leader>
  <controlfield tag="001">15356</controlfield>
  <controlfield tag="005">20260407155449.0</controlfield>
  <controlfield tag="008">260407a2012    arg                 spa d</controlfield>
  <controlfield tag="003">AR-UNSa-BCEJYS</controlfield>
  <datafield tag="040" ind1=" " ind2=" ">
    <subfield code="a">AR-UNSa-BCEJYS</subfield>
    <subfield code="b">spa</subfield>
    <subfield code="c">AR-UNSa-BCEJYS</subfield>
  </datafield>
  <datafield tag="080" ind1=" " ind2=" ">
    <subfield code="a">343.97</subfield>
    <subfield code="x">Sociolog&#xED;a criminal. El crimen como fen&#xF3;meno social. Criminalidad comparada. Causas e influencias. Factores sociales del crimen. Ambiente social</subfield>
  </datafield>
  <datafield tag="245" ind1="1" ind2="0">
    <subfield code="a">Delito, pena y control social</subfield>
    <subfield code="p">un enfoque sociol&#xF3;gico entre estructura y cultura</subfield>
  </datafield>
  <datafield tag="020" ind1=" " ind2=" ">
    <subfield code="a">978-950-894-881-6</subfield>
  </datafield>
  <datafield tag="264" ind1=" " ind2="1">
    <subfield code="a">Buenos Aires :</subfield>
    <subfield code="b">AD-HOC</subfield>
    <subfield code="c">2012</subfield>
  </datafield>
  <datafield tag="300" ind1=" " ind2=" ">
    <subfield code="a">525 p.</subfield>
    <subfield code="c">23 cm.</subfield>
  </datafield>
  <datafield tag="505" ind1=" " ind2=" ">
    <subfield code="a">1. &#xBF;Est&#xE1; en crisis la criminolog&#xED;a cr&#xED;tica? - 2. Teor&#xED;a social y cambios en las representaciones del delito - 3. Estados fuertes y definidos de la conciencia colectiva - 4. &#xBF;Una criminolog&#xED;a cr&#xED;tica modernizadora? Desarrollos sociales y cuesti&#xF3;n criminal - 5. Miedo, lucha de clases, crimen: &#xBF;cu&#xE1;l "realismo"? - 6. Mas all&#xE1; del "Panopticon". Para un estudio de las estrategias de control social en el capitalismo del siglo XX - 7. Castigo y acci&#xF3;n social: los cambiantes vocabularios de motivos al interior de un ciclo pol&#xED;tico de negocios - 8. Homicidios, econom&#xED;a y tasas de encarcelamiento en Italia desde la Unidad hasta hoy - 9. La simple "m&#xE1;xima heur&#xED;stica" de un "ser humano inusual". En torno a Rusche y Kirchheimer: pena y estructura social - 10. Penalidad y "gobierno de las poblaciones" entre Marx y Foucault - 11. Democracia y control social: &#xBF;todav&#xED;a juntos? (luego del surgimiento de un "control autom&#xE1;tico") - 12. El "otro" en la nueva Europa: migraciones, desviaci&#xF3;n, control social - 13. Seguridad, control social, democracia e inmigraci&#xF3;n en la Constituci&#xF3;n de la Uni&#xF3;n Europea - 14. "Una vida en paz". La migraci&#xF3;n y el delito de la modernidad en Europa/Italia - 15. La radicaci&#xF3;n cultural del control social (o de la imposibilidad de la traducci&#xF3;n): reflexiones a partir de la comparaci&#xF3;n de las culturas italiana y norteamericana respecto del control social - 16. Las "afinidades electivas" del neoliberalismo: penalidad, econom&#xED;a pol&#xED;tica y relaciones internacionales</subfield>
  </datafield>
  <datafield tag="942" ind1=" " ind2=" ">
    <subfield code="c">BK</subfield>
  </datafield>
  <datafield tag="590" ind1=" " ind2=" ">
    <subfield code="a">niveau_biblio:m niveau_hierar:0</subfield>
  </datafield>
  <datafield tag="100" ind1="1" ind2=" ">
    <subfield code="a">Melossi, Dar&#xED;o</subfield>
  </datafield>
  <datafield tag="856" ind1="4" ind2="1">
    <subfield code="u">https://biblioeco.unsa.edu.ar/pmb/images/libros/Delito, Penal y Contrato Social2-l118928.jpg</subfield>
    <subfield code="y">Imagen de portada</subfield>
    <subfield code="q">image/jpeg</subfield>
  </datafield>
  <datafield tag="999" ind1=" " ind2=" ">
    <subfield code="c">641</subfield>
    <subfield code="d">641</subfield>
  </datafield>
  <datafield tag="952" ind1=" " ind2=" ">
    <subfield code="0">0</subfield>
    <subfield code="1">0</subfield>
    <subfield code="4">0</subfield>
    <subfield code="7">0</subfield>
    <subfield code="a">BCEJYS</subfield>
    <subfield code="b">BCEJYS</subfield>
    <subfield code="c">16</subfield>
    <subfield code="d">2026-04-07</subfield>
    <subfield code="l">0</subfield>
    <subfield code="o">343.97 M528</subfield>
    <subfield code="p">L118928</subfield>
    <subfield code="r">2026-04-07 15:54:49</subfield>
    <subfield code="w">2026-04-07</subfield>
    <subfield code="y">L</subfield>
  </datafield>
</record>
